Normal view MARC view
  • Brigham, Eugene F.,

Entry Personal Name

Number of records used in: 2

001 - CONTROL NUMBER

  • control field: 14683

003 - CONTROL NUMBER IDENTIFIER

  • control field: NUST

005 - DATE AND TIME OF LATEST TRANSACTION

  • control field: 20190531053043.0

008 - FIXED-LENGTH DATA ELEMENTS

  • fixed length control field: 190531|| aca||aabn | a|a d

040 ## - CATALOGING SOURCE

  • Original cataloging agency: NUST
  • Transcribing agency: NUST

100 ## - HEADING--PERSONAL NAME

  • Personal name: Brigham, Eugene F.,
  • Dates associated with a name: 1930-

670 ## - SOURCE DATA FOUND

  • Source citation: Work cat.: (NUST)0: Brigham, Eugene F., 1930-, financial management :
© 2023 Central Library, National University of Sciences and Technology. All Rights Reserved.